00439nam a2200181Ia 4500003000900000008004100009040001300050040001300063041000800076100001700084245010100101250001100202260000800213260000900221300001100230300001000241490000600251IT-RoPAU120407s9999 xx 000 0 und d aIT-RoPAU cIT-RoPAU aita aPaul Claudel a"Credo in Dio. Trad. di G. Visentin. a cura di Agnès Du Serment. Pref. di P. Henri De Lubac." aTorino aSei c1964 a383 p. c20 cm v1